| 000 | 00642cam a2200205 a 4500 | ||
|---|---|---|---|
| 020 | _a0874847028 (pbk.) | ||
| 040 | _cDLC | ||
| 082 | 0 | 0 | _a791 MAY 1987 A086 Or. |
| 100 | 1 | _aBohn, Thomas W. | |
| 245 | 1 | 0 |
_aLight and shadows : _ba history of motion pictures / |
| 250 | _a3rd ed. | ||
| 260 |
_aPalo Alto, Calif. : _bMayfield Pub. Co., _c1987. |
||
| 300 |
_axlv, 427 p. : _bill. ; _c27 cm. |
||
| 500 | _aIncludes index. | ||
| 650 | 0 | _aMotion pictures | |
| 700 | 1 | _aStromgren, Richard L., | |
| 856 | 4 | 2 | _uhttp://www.loc.gov/catdir/description/mh024/86061131.html |
| 856 | 4 | 1 | _uhttp://www.loc.gov/catdir/toc/mh023/86061131.html |
| 942 | _cEK | ||
| 999 |
_c13661 _d13661 |
||